000 00837nam a2200253Ia 4500
003 OSt
005 20221005104140.0
006 a|||||r|||| 00| 0
007 ta
008 221004b |||||||| |||| 00| 0 hin d
020 _a9788188285396 (hbk)
_c255
024 _a105650
037 _b12955, 18/03/2011, Kitab Ghar
_cTextual
040 _aCRL
_cCRL
_bhin
041 _2hin
_ahin
082 _aO152,3M89,13, J1;Q1
100 _aजयशंकर प्रसाद
245 0 _aतितली
246 _aTitalī
260 _aदिल्ली
_bनया साहित्य केन्द्र भारत
_c2011
300 _a192पृ0
_ccm.
942 _hO152,3M89,13, J1;Q1
_cTEXL
_2cc
999 _c1011869
_d1011869